MARC details
| 000 -CABECERA |
| campo de control de longitud fija |
01944nam a2200385 a 4500 |
| 001 - NÚMERO DE CONTROL |
| campo de control |
000025077 |
| 005 - FECHA Y HORA DE LA ÚLTIMA TRANSACCIÓN |
| campo de control |
20240513201349.0 |
| 008 - DATOS DE LONGITUD FIJA--INFORMACIÓN GENERAL |
| campo de control de longitud fija |
110201s1989 ag a r 000 | spa d |
| 020 ## - NÚMERO INTERNACIONAL ESTÁNDAR DEL LIBRO |
| Número Internacional Estándar del Libro |
9506940797 |
| 040 ## - FUENTE DE LA CATALOGACIÓN |
| Centro catalogador/agencia de origen |
DO-SdBNP |
| Lengua de catalogación |
spa |
| Centro/agencia transcriptor |
BNPHU |
| 082 ## - NÚMERO DE LA CLASIFICACIÓN DECIMAL DEWEY |
| Número de clasificación |
303.4 |
| Número de documento/Ítem |
B877e |
| 049 ## - FONDOS LOCALES (OCLC) |
| Fondos de biblioteca |
BNGR |
| 100 1# - ENTRADA PRINCIPAL--NOMBRE DE PERSONA |
| Nombre de persona |
Brown, Lester Russell |
| 9 (RLIN) |
51456 |
| 240 10 - TÍTULO UNIFORME |
| Título uniforme |
State of the world 1989. |
| Lenguaje de la obra |
Español |
| 245 13 - MENCIÓN DE TÍTULO |
| Título |
El estado del mundo : |
| Resto del título |
1989 / |
| Mención de responsabilidad, etc. |
Lester Russell Brown ; Alan Durning ... [et al.] ; traducción Cecilia Absatz. |
| 260 ## - PUBLICACIÓN, DISTRIBUCIÓN, ETC. |
| Lugar de publicación, distribución, etc. |
Buenos Aires, (Argentina) : |
| Nombre del editor, distribuidor, etc. |
Grupo Editor Latinoamericano, |
| Fecha de publicación, distribución, etc. |
1989. |
| 300 ## - DESCRIPCIÓN FÍSICA |
| Extensión |
378 p. : |
| Otras características físicas |
il. ; |
| Dimensiones |
23 cm. |
| 490 1# - MENCIÓN DE SERIE |
| Mención de serie |
Estudios Políticos y Sociales |
| Designación de volumen o secuencia |
212. 183 |
| 504 ## - NOTA DE BIBLIOGRAFÍA, ETC. |
| Nota de bibliografía, etc. |
Incluye notas : p. 323-378 |
| 505 0# - NOTA DE CONTENIDO CON FORMATO |
| Título |
Prefacio |
| -- |
Reconocimientos |
| -- |
Un mundo en peligro / |
| Mención de responsabilidad |
Lester R. Brown, Christopher Flavin y Sandra Postel |
| Título |
Detener la degradación de la tierra / |
| Mención de responsabilidad |
Sandra Postel |
| Título |
Reexaminar la perspectiva alimentaria del mundo / |
| Mención de responsabilidad |
Lester R. Brown |
| Título |
Abandonar la tierra natal / |
| Mención de responsabilidad |
Jodi L. Jacobson |
| Título |
Proteger la capa de ozono / |
| Mención de responsabilidad |
Cynthia Pollock Shea |
| Título |
Respuesta al sida / |
| Mención de responsabilidad |
Michael Renner |
| Título |
Reforzar la seguridad mundial / |
| Mención de responsabilidad |
Lori Heise |
| Título |
Movilización a nivel popular / |
| Mención de responsabilidad |
Michael Renner |
| Título |
Reflexión a nivel popular / |
| Mención de responsabilidad |
Alan B. Durning |
| Título |
Perfilar un plan de acción global / |
| Mención de responsabilidad |
Lester R. Brown, Christopher Flavin y Sandra Postel |
| 534 ## - NOTA SOBRE LA VERSIÓN ORIGINAL |
| Encabezamiento principal del original |
Título original en inglés : |
| Mención de título del original |
State of the world 1989 |
| 650 #0 - PUNTO DE ACCESO ADICIONAL DE MATERIA--TÉRMINO DE MATERIA |
| Término de materia o nombre geográfico como elemento de entrada |
Cambio social |
| 9 (RLIN) |
1661 |
| 650 #4 - PUNTO DE ACCESO ADICIONAL DE MATERIA--TÉRMINO DE MATERIA |
| Término de materia o nombre geográfico como elemento de entrada |
Evolución social |
| 9 (RLIN) |
2422 |
| 650 #0 - PUNTO DE ACCESO ADICIONAL DE MATERIA--TÉRMINO DE MATERIA |
| Término de materia o nombre geográfico como elemento de entrada |
Desarrollo de la comunidad |
| 9 (RLIN) |
453 |
| 700 1# - PUNTO DE ACCESO ADICIONAL--NOMBRE DE PERSONA |
| Nombre de persona |
Durning, Alan |
| 9 (RLIN) |
51457 |
| 700 1# - PUNTO DE ACCESO ADICIONAL--NOMBRE DE PERSONA |
| Nombre de persona |
Flavin, Christopher |
| 9 (RLIN) |
48279 |
| 700 1# - PUNTO DE ACCESO ADICIONAL--NOMBRE DE PERSONA |
| Nombre de persona |
Heise , Lori |
| 9 (RLIN) |
51458 |
| 700 1# - PUNTO DE ACCESO ADICIONAL--NOMBRE DE PERSONA |
| Nombre de persona |
Jacobson, Jodi |
| 9 (RLIN) |
51459 |
| 700 1# - PUNTO DE ACCESO ADICIONAL--NOMBRE DE PERSONA |
| Nombre de persona |
Postel, Sandra |
| 9 (RLIN) |
48280 |
| 700 1# - PUNTO DE ACCESO ADICIONAL--NOMBRE DE PERSONA |
| Nombre de persona |
Renner, Michael |
| 9 (RLIN) |
51460 |
| 700 1# - PUNTO DE ACCESO ADICIONAL--NOMBRE DE PERSONA |
| Nombre de persona |
Shea, Cynthia Pollock |
| 9 (RLIN) |
51461 |
| 700 1# - PUNTO DE ACCESO ADICIONAL--NOMBRE DE PERSONA |
| Nombre de persona |
Starke, Linda |
| 9 (RLIN) |
51462 |
| 700 1# - PUNTO DE ACCESO ADICIONAL--NOMBRE DE PERSONA |
| Nombre de persona |
Absatz, Cecilia, |
| Término indicativo de función/relación |
tr. |
| 9 (RLIN) |
51463 |
| 830 #0 - PUNTO DE ACCESO ADICIONAL DE SERIE-TÍTULO UNIFORME |
| Título uniforme |
Estudios Políticos y Sociales ; |
| Designación de volumen o secuencia |
212. 183 |
| 9 (RLIN) |
28833 |